HERBS SPICES AND MEDICINAL PLANTS VOL.III (Record no. 768177)

MARC details
000 -LEADER
fixed length control field 00457nam a2200181Ia 4500
008 - FIXED-LENGTH DATA ELEMENTS--GENERAL INFORMATION
fixed length control field 230725s2002 xx 000 0 und d
041 ## - LANGUAGE CODE
Language code of text/sound track or separate title eng
082 ## - DEWEY DECIMAL CLASSIFICATION NUMBER
Classification number 315.321
Item number CRA/SIM
100 ## - MAIN ENTRY--PERSONAL NAME
Personal name CRAKER, SIMON
245 ## - TITLE STATEMENT
Title HERBS SPICES AND MEDICINAL PLANTS VOL.III
260 ## - PUBLICATION, DISTRIBUTION, ETC.
Name of publisher, distributor, etc. C.B.S. PUBLISHERS & DISTRUTORS
Date of publication, distribution, etc. 2002
300 ## - PHYSICAL DESCRIPTION
Extent 220
365 ## - TRADE PRICE
Tax rate 1 23
500 ## - GENERAL NOTE
General note TEXT BOOK
501 ## - WITH NOTE
With note PGY
520 ## - SUMMARY, ETC.
Summary, etc. PB
650 ## - SUBJECT ADDED ENTRY--TOPICAL TERM
Topical term or geographic name entry element PHARMACOGNOSY & PHYTHOCHEMISTRY

No items available.